[Event "Trieste op 15th"]
[Site "Trieste"]
[Date "2013.09.07"]
[Round "9"]
[White "Dvirnyy, Danyyil"]
[Black "Mocchi, Tullio"]
[Result "1-0"]
[WhiteElo "2549"]
[BlackElo "2245"]
[PlyCount "101"]
[EventDate "2013.08.31"]
[EventType "swiss"]
[EventRounds "9"]
[EventCountry "ITA"]
[SourceTitle "CBM 156 Extra"]
[Source "ChessBase"]
[SourceDate "2013.10.22"]
[SourceVersion "1"]
[SourceVersionDate "2013.10.22"]
[SourceQuality "1"]

1. c4 e5 2. g3 Nf6 3. Bg2 c6 4. d4 exd4 5. Qxd4 d5 6. cxd5 cxd5 7. Nf3 Nc6 8. Qa4 Bd7 9. 0-0 Be7 10. Nc3 d4 11. Nxd4 Nb4 12. Qb3 Qb6 13. Be3 Ng4 14. a3 Nc6 15. Qxb6 axb6 16. Nxc6 bxc6 17. Bxb6 Rb8 18. Na4 c5 19. Ba7 Rb5 20. Rfd1 Ra5 21. Nb6 Rxa7 22. Rxd7 Rxd7 23. Bc6 Ne5 24. Bb5 Bd6 25. f4 Kd8 26. Rd1 Rb7 27. Rxd6+ Kc7 28. fxe5 Rxb6 29. Rxb6 Kxb6 30. Bc4 Re8 31. Bxf7 Rxe5 32. Bc4 Re8 33. Kf2 Rd8 34. Bd3 h6 35. b3 Ra8 36. a4 Rd8 37. Bc4 Rd4 38. Kf3 Ka5 39. h4 g5 40. hxg5 hxg5 41. e4 Kb6 42. e5 Kc6 43. a5 Kd7 44. a6 Kc7 45. a7 Kb7 46. e6 g4+ 47. Ke3 Rd8 48. Bb5 Rd6 49. Bd7 Rd1 50. Ke2 Rd4 51. Bc6+ 1-0

[Event "Trieste op 15th"]
[Site "Trieste"]
[Date "2013.09.06"]
[Round "8"]
[White "Mocchi, Tullio"]
[Black "Cherin, Diego"]
[Result "1-0"]
[WhiteElo "2245"]
[BlackElo "2239"]
[PlyCount "83"]
[EventDate "2013.08.31"]
[EventType "swiss"]
[EventRounds "9"]
[EventCountry "ITA"]
[SourceTitle "CBM 156 Extra"]
[Source "ChessBase"]
[SourceDate "2013.10.22"]
[SourceVersion "1"]
[SourceVersionDate "2013.10.22"]
[SourceQuality "1"]

1. e4 c5 2. Nc3 e6 3. f4 d5 4. e5 Ne7 5. Nf3 Ng6 6. d3 Nc6 7. g3 f6 8. exf6 gxf6 9. Bg2 h5 10. 0-0 h4 11. Re1 hxg3 12. hxg3 Nge7 13. Nh4 a6 14. Ne2 d4 15. c3 Qb6 16. c4 Bd7 17. f5 e5 18. Be4 0-0-0 19. Rf1 Bh6 20. Bxh6 Rxh6 21. Qd2 Rdh8 22. Rf3 Nd8 23. Raf1 Nf7 24. Ng6 Nxg6 25. fxg6 Ng5 26. Rxf6 Nxe4 27. Qxh6 Qxf6 28. Rxf6 Rxh6 29. dxe4 Rh8 30. g7 Rd8 31. Nc1 Kc7 32. Nd3 Rg8 33. Rg6 b5 34. b3 bxc4 35. bxc4 Ba4 36. Nxc5 Bc2 37. Kf2 a5 38. a3 Bb1 39. Ke1 Ba2 40. Nd3 Bxc4 41. Nxe5 Bb3 42. Ng4 1-0

[Event "Trieste op 15th"]
[Site "Trieste"]
[Date "2013.09.01"]
[Round "2"]
[White "Matijevic, Filip"]
[Black "Mocchi, Tullio"]
[Result "1-0"]
[WhiteElo "2136"]
[BlackElo "2245"]
[PlyCount "157"]
[EventDate "2013.08.31"]
[EventType "swiss"]
[EventRounds "9"]
[EventCountry "ITA"]
[SourceTitle "CBM 156 Extra"]
[Source "ChessBase"]
[SourceDate "2013.10.22"]
[SourceVersion "1"]
[SourceVersionDate "2013.10.22"]
[SourceQuality "1"]

1. e4 c6 2. d4 d5 3. Nc3 dxe4 4. Nxe4 Nd7 5. Ng5 Ngf6 6. Bd3 e6 7. N1f3 Bd6 8. Qe2 h6 9. Ne4 Nxe4 10. Qxe4 Nf6 11. Qh4 Qa5+ 12. Bd2 Qh5 13. Qxh5 Nxh5 14. Ne5 Nf6 15. f4 h5 16. 0-0-0 g6 17. h3 h4 18. Rhe1 0-0 19. c4 Rd8 20. Be2 Ne4 21. Be3 Bb4 22. Rg1 Ng3 23. Bf3 Kg7 24. Bf2 f6 25. Nd3 Bd6 26. Kc2 Rb8 27. Rge1 Kf7 28. d5 cxd5 29. Bxa7 Ra8 30. Bb6 Re8 31. cxd5 Rxa2 32. Kb1 Ra6 33. Bd4 Nf5 34. Bc3 b5 35. b4 Ra4 36. Nc5 Bxc5 37. bxc5 Rc4 38. d6 Bd7 39. c6 Bxc6 40. Bxc6 Rd8 41. Ba5 Rxd6 42. Rxd6 Nxd6 43. Bd7 Rxf4 44. Bxe6+ Kg7 45. Rd1 Ne4 46. Rd7+ Kh6 47. Bb6 Rf1+ 48. Kc2 f5 49. Be3+ f4 50. Bd4 Ng3 51. Bg4 Nf5 52. Bc5 Kg5 53. Rb7 Ne3+ 54. Bxe3 fxe3 55. Kd3 Rf2 56. Rxb5+ Kf4 57. Rb4+ Kg3 58. Kxe3 Rxg2 59. Rb6 Ra2 60. Rxg6 Ra3+ 61. Ke4 Ra4+ 62. Ke5 Ra5+ 63. Kf6 Kf4 64. Be6 Rh5 65. Rg4+ Kf3 66. Kg6 Rh8 67. Kg5 Rh7 68. Bd5+ Ke3 69. Rxh4 Rd7 70. Be6 Rg7+ 71. Kf5 Kf3 72. Bd5+ Ke3 73. Re4+ Kd3 74. Rg4 Rh7 75. h4 Rh5+ 76. Ke6 Ke3 77. Be4 Rh6+ 78. Kf5 Rh8 79. Kg5 1-0

[Event "Trieste op 15th"]
[Site "Trieste"]
[Date "2013.09.01"]
[Round "3"]
[White "Mocchi, Tullio"]
[Black "Rossi, Francesco"]
[Result "1-0"]
[WhiteElo "2245"]
[BlackElo "1882"]
[PlyCount "103"]
[EventDate "2013.08.31"]
[EventType "swiss"]
[EventRounds "9"]
[EventCountry "ITA"]
[SourceTitle "CBM 156 Extra"]
[Source "ChessBase"]
[SourceDate "2013.10.22"]
[SourceVersion "1"]
[SourceVersionDate "2013.10.22"]
[SourceQuality "1"]

1. e4 e5 2. Nf3 Nc6 3. Bb5 a6 4. Ba4 Nf6 5. 0-0 Be7 6. Bxc6 dxc6 7. d3 Nd7 8. Nbd2 0-0 9. Nc4 f6 10. Nh4 Nc5 11. Nf5 Bxf5 12. exf5 Qd7 13. Qg4 Kh8 14. h3 b6 15. Re1 Nb7 16. f4 b5 17. Ne3 exf4 18. Qxf4 Bc5 19. Bd2 Nd6 20. g4 Nc4 21. Bc1 Nb6 22. Kf1 Rfe8 23. Bd2 Bxe3 24. Rxe3 Rxe3 25. Qxe3 Re8 26. Qf3 Nd5 27. Re1 Rxe1+ 28. Kxe1 Kg8 29. Qe4 Kf7 30. c4 Nb6 31. Bb4 Qe8 32. Qxe8+ Kxe8 33. b3 Nd7 34. Bc3 Ke7 35. Ke2 c5 36. cxb5 axb5 37. a4 c6 38. Kf3 Kd6 39. Ke4 Kc7 40. axb5 cxb5 41. Kd5 b4 42. Bd2 Kb6 43. Bf4 Kb5 44. Ke6 Kc6 45. h4 c4 46. dxc4 Nc5+ 47. Kf7 Nxb3 48. Kxg7 Na5 49. g5 b3 50. Bc1 Nxc4 51. gxf6 Nd6 52. f7 1-0

[Event "Trieste op 14th"]
[Site "Trieste"]
[Date "2012.09.08"]
[Round "9"]
[White "Franca, Veronika"]
[Black "Mocchi, Tullio"]
[Result "0-1"]
[WhiteElo "1952"]
[BlackElo "2259"]
[PlyCount "222"]
[EventDate "2012.09.01"]
[EventType "swiss"]
[EventRounds "9"]
[EventCountry "ITA"]
[SourceTitle "CBM 150 Extra"]
[Source "ChessBase"]
[SourceDate "2012.10.19"]
[SourceVersion "1"]
[SourceVersionDate "2012.10.19"]
[SourceQuality "1"]

1. d4 Nf6 2. c4 e6 3. Nc3 Bb4 4. e3 c5 5. Bd3 Nc6 6. Nf3 Bxc3+ 7. bxc3 d6 8. 0-0 0-0 9. e4 e5 10. d5 Ne7 11. Bg5 Ng6 12. Nh4 Nxh4 13. Bxh4 h6 14. f3 g5 15. Be1 Kh8 16. Bd2 Rg8 17. Kf2 Qf8 18. g3 Qe7 19. Qc2 Bh3 20. Rg1 Bd7 21. Rae1 Rg6 22. Re2 Kg7 23. Ke1 Rh8 24. Kd1 Qd8 25. Kc1 Kf8 26. Ree1 Rhg8 27. Qb2 Qc7 28. Kb1 Ke7 29. Ka1 Kd8 30. Rb1 Kc8 31. Qa3 Kb8 32. Rbe1 a6 33. Rb1 Ka7 34. Rb2 Bc8 35. Rgb1 Re8 36. Qb3 Re7 37. Re1 Rg8 38. Bc1 Bh3 39. Rbe2 Ree8 40. Qc2 h5 41. Bd2 Nd7 42. Qc1 Qa5 43. Qb2 f6 44. Rg1 Re7 45. Re3 Rh7 46. Qc2 Nf8 47. Qd1 Ng6 48. Ree1 Ne7 49. Qc2 Bd7 50. Rgf1 Rhg7 51. Rf2 Nc8 52. Rff1 Nb6 53. Rf2 Ba4 54. Qb2 Be8 55. Qc2 Qa4 56. Qb3 Qxb3 57. axb3 Kb8 58. Kb2 Bd7 59. Ree2 Nc8 60. Re1 Kc7 61. Ree2 Kd8 62. Re1 Ne7 63. Ree2 Kc7 64. Kc2 Rh8 65. Re1 Rb8 66. Ra1 Rf8 67. Re1 f5 68. exf5 Bxf5 69. Be3 Bd7 70. Ree2 Ng8 71. f4 exf4 72. gxf4 g4 73. Rg2 Rff7 74. Re1 Ne7 75. Reg1 Nf5 76. Bf2 Re7 77. Kd2 Rgf7 78. Re1 Rxe1 79. Bxe1 Re7 80. Bf2 a5 81. Rg1 b6 82. Ra1 Re8 83. Rg1 Re7 84. Bf1 Rg7 85. Bd3 Re7 86. Bxf5 Bxf5 87. Bh4 Re4 88. Bg3 a4 89. bxa4 Rxc4 90. Ra1 Kb7 91. a5 b5 92. a6+ Ka7 93. Bh4 Rxf4 94. Bg3 Ra4 95. Rxa4 bxa4 96. Bxd6 c4 97. Ke3 Kxa6 98. Kf4 Bd7 99. Kg5 Be8 100. Bb4 Kb7 101. Kh4 Kc7 102. d6+ Kd7 103. h3 gxh3 104. Kxh3 Ke6 105. Kh4 Kd5 106. d7 Bxd7 107. Kxh5 Ke4 108. Kg5 Kd3 109. Kf4 Kc2 110. Ke5 Be8 111. Kd4 Bf7 0-1

[Event "ITA-chT"]
[Site "Arvier"]
[Date "2012.04.28"]
[Round "2"]
[White "Garcia Palermo, Carlos H"]
[Black "Mocchi, Tullio"]
[Result "1-0"]
[WhiteElo "2479"]
[BlackElo "2270"]
[PlyCount "75"]
[EventDate "2012.04.27"]
[EventType "team-swiss"]
[EventRounds "7"]
[EventCountry "ITA"]
[SourceTitle "CBM 148 Extra"]
[Source "ChessBase"]
[SourceDate "2012.06.22"]
[SourceVersion "1"]
[SourceVersionDate "2012.06.22"]
[SourceQuality "1"]
[WhiteTeam "Chieti"]
[BlackTeam "Triestina"]
[WhiteTeamCountry "ITA"]
[BlackTeamCountry "ITA"]

1. d4 d5 2. c4 e6 3. Nc3 Nf6 4. cxd5 exd5 5. Bg5 Be7 6. e3 c6 7. Qc2 Nbd7 8. Bd3 0-0 9. Nge2 Re8 10. 0-0 Nf8 11. f3 c5 12. Rad1 cxd4 13. Nxd4 Be6 14. Qb3 Rb8 15. Bb5 N8d7 16. Bxf6 Bxf6 17. Nxd5 Nc5 18. Nxf6+ Qxf6 19. Qa3 Rec8 20. Rc1 a6 21. Rxc5 Rxc5 22. Qxc5 axb5 23. Qxb5 Qe7 24. Qe5 Rc8 25. Nxe6 Qxe6 26. Qxe6 fxe6 27. Rd1 Kf8 28. Rd2 Rc1+ 29. Kf2 Ke7 30. f4 Rb1 31. Kf3 Rh1 32. Rd3 Rxh2 33. Rb3 g6 34. Rxb7+ Kd6 35. Rb6+ Kd7 36. a4 Rh1 37. a5 Ra1 38. b4 1-0

[Event "Trieste op 13th"]
[Site "Trieste"]
[Date "2011.09.07"]
[Round "6"]
[White "Mocchi, Tullio"]
[Black "Rossi, Carlo"]
[Result "1/2-1/2"]
[WhiteElo "2259"]
[BlackElo "2346"]
[PlyCount "110"]
[EventDate "2011.09.03"]
[EventType "swiss"]
[EventRounds "9"]
[EventCountry "ITA"]
[SourceTitle "CBM 144 Extra"]
[Source "ChessBase"]
[SourceDate "2011.10.28"]
[SourceVersion "1"]
[SourceVersionDate "2011.10.28"]
[SourceQuality "1"]

1. d4 e5 2. dxe5 Nc6 3. Nf3 f6 4. exf6 Nxf6 5. Bg5 d5 6. e3 Be6 7. c3 Bd6 8. Nbd2 0-0 9. Bd3 Qe8 10. Qc2 Qh5 11. Bxf6 Rxf6 12. 0-0-0 Kh8 13. h3 Bg8 14. g4 Qe8 15. g5 Rf8 16. Rdg1 Ne5 17. Nxe5 Qxe5 18. Nf1 c5 19. f4 Qe8 20. Bxh7 Bxh7 21. g6 Rxf4 22. Rg4 Rf6 23. Rhg1 Bxg6 24. Rxg6 Rxg6 25. Rxg6 Qe5 26. Rg4 Be7 27. Qg6 Bf6 28. h4 b5 29. Rf4 Qe8 30. Qxe8+ Rxe8 31. Kd2 Kg8 32. Ng3 Be5 33. Rg4 Kf7 34. Ne2 a5 35. Nf4 Rd8 36. Nd3 Bd6 37. Rg5 Be7 38. Rf5+ Ke6 39. Rh5 Bd6 40. Rg5 Rd7 41. h5 Rf7 42. Ke2 a4 43. a3 Re7 44. Rg6+ Kd7 45. Kd2 Rf7 46. Rg4 Ke6 47. Ke2 Re7 48. Rg5 Rf7 49. Rg6+ Kd7 50. Nf2 Re7 51. Rg4 Kc6 52. Nd3 Rf7 53. Rg5 Re7 54. Kf3 Rf7+ 55. Ke2 Re7 1/2-1/2

[Event "Trieste op 13th"]
[Site "Trieste"]
[Date "2011.09.05"]
[Round "4"]
[White "Mocchi, Tullio"]
[Black "Khmelniker, Ilya"]
[Result "0-1"]
[WhiteElo "2259"]
[BlackElo "2518"]
[PlyCount "68"]
[EventDate "2011.09.03"]
[EventType "swiss"]
[EventRounds "9"]
[EventCountry "ITA"]
[SourceTitle "CBM 144 Extra"]
[Source "ChessBase"]
[SourceDate "2011.10.28"]
[SourceVersion "1"]
[SourceVersionDate "2011.10.28"]
[SourceQuality "1"]

1. e4 e5 2. Nf3 Nc6 3. Bb5 Nf6 4. Bxc6 dxc6 5. d3 Bd6 6. Nbd2 0-0 7. Nc4 Re8 8. 0-0 c5 9. a4 Nd7 10. Bg5 f6 11. Bd2 Nf8 12. Nh4 Ne6 13. Nf5 Bf8 14. Kh1 b6 15. f4 Nxf4 16. Bxf4 exf4 17. Rxf4 Be6 18. Nfe3 c6 19. Rf3 Qc7 20. Rf1 Rad8 21. Qe2 a6 22. Nd2 b5 23. Nf3 Bd6 24. Rfe1 Bf4 25. Qf2 c4 26. axb5 axb5 27. dxc4 bxc4 28. Qe2 Qf7 29. Ra4 Qh5 30. Nxc4 Bg3 31. Rf1 Bxh2 32. g4 Bxg4 33. Ra5 f5 34. Ne3 Bc7+ 0-1

[Event "Trieste op 13th"]
[Site "Trieste"]
[Date "2011.09.04"]
[Round "3"]
[White "Ivanovic, Andrej"]
[Black "Mocchi, Tullio"]
[Result "0-1"]
[WhiteElo "2016"]
[BlackElo "2259"]
[PlyCount "64"]
[EventDate "2011.09.03"]
[EventType "swiss"]
[EventRounds "9"]
[EventCountry "ITA"]
[SourceTitle "CBM 144 Extra"]
[Source "ChessBase"]
[SourceDate "2011.10.28"]
[SourceVersion "1"]
[SourceVersionDate "2011.10.28"]
[SourceQuality "1"]

1. Nf3 d5 2. c4 c6 3. cxd5 cxd5 4. d4 Nc6 5. Nc3 Nf6 6. Bf4 e6 7. e3 Bd6 8. Bxd6 Qxd6 9. Bd3 Bd7 10. 0-0 0-0 11. Qe2 Rfd8 12. Rfc1 Rac8 13. a3 Be8 14. b4 Ne7 15. Nd2 Rc7 16. Nb3 Rdc8 17. Qd2 Ng4 18. g3 Nf5 19. Be2 Nf6 20. Nc5 Qd8 21. a4 Nd6 22. b5 Qe7 23. f4 b6 24. Na6 Rxc3 25. Rxc3 Nfe4 26. Rxc8 Nxd2 27. Rc7 Qf6 28. Rxa7 g5 29. Nc7 gxf4 30. Nxe8 Nxe8 31. Ra8 fxe3 32. Rxe8+ Kg7 0-1

[Event "Trieste op 12th"]
[Site "Trieste"]
[Date "2010.09.09"]
[Round "7"]
[White "Jovic, Stanoje"]
[Black "Mocchi, Tullio"]
[Result "1-0"]
[WhiteElo "2290"]
[BlackElo "2248"]
[PlyCount "77"]
[EventDate "2010.09.04"]
[EventType "swiss"]
[EventRounds "9"]
[EventCountry "ITA"]
[SourceTitle "CBM 138 Extra"]
[Source "ChessBase"]
[SourceDate "2010.10.29"]
[SourceVersion "1"]
[SourceVersionDate "2010.10.29"]
[SourceQuality "1"]

1. c4 c6 2. e4 d5 3. exd5 cxd5 4. cxd5 Nf6 5. Qa4+ Nbd7 6. Nc3 g6 7. Bc4 Bg7 8. d3 0-0 9. Nf3 a6 10. Qa3 Nb6 11. Qb3 Nxc4 12. dxc4 e6 13. 0-0 b5 14. cxb5 Nxd5 15. Nxd5 exd5 16. Rd1 Qb6 17. a4 Be6 18. Qb4 axb5 19. a5 Qc6 20. Be3 Qc4 21. Qd2 b4 22. Rdc1 Qb5 23. Bb6 Rfc8 24. Nd4 Qa6 25. Qxb4 Bf8 26. Qb3 Rxc1+ 27. Rxc1 Rc8 28. Re1 Re8 29. h3 Bg7 30. Qa4 Rb8 31. Nxe6 fxe6 32. Rxe6 Qc4 33. Re8+ Rxe8 34. Qxe8+ Bf8 35. Qe6+ Kg7 36. a6 Bc5 37. Qe5+ Kh6 38. Bxc5 Qxc5 39. Qe3+ 1-0

[Event "ITA-ch Lampo Online 2nd"]
[Site "Playchess.com INT"]
[Date "2007.12.23"]
[Round "3.1"]
[White "Mocchi, Tullio"]
[Black "Gatterer, Florian"]
[Result "1-0"]
[WhiteElo "2235"]
[BlackElo "2286"]
[PlyCount "79"]
[EventDate "2007.12.23"]
[EventType "k.o. (blitz)"]
[EventRounds "6"]
[EventCountry "ITA"]
[SourceTitle "EXT 2010"]
[Source "ChessBase"]
[SourceDate "2010.11.25"]
[SourceVersion "1"]
[SourceVersionDate "2010.11.25"]
[SourceQuality "1"]

1. d4 d5 2. c4 c6 3. Nf3 Nf6 4. Nc3 a6 5. e3 b5 6. b3 Bg4 7. Be2 Nbd7 8. 0-0 e6 9. Bb2 Bd6 10. h3 Bh5 11. a4 bxc4 12. bxc4 0-0 13. Ba3 Bxa3 14. Rxa3 Qa5 15. Qd2 Rab8 16. g4 Bg6 17. Nxd5 Qxd2 18. Ne7+ Kh8 19. Nxd2 Rb2 20. Nxg6+ hxg6 21. Rd1 Rfb8 22. c5 a5 23. Kf1 Nd5 24. Nc4 R2b4 25. Nxa5 Ne7 26. Bf3 Ra8 27. Nxc6 Nxc6 28. Bxc6 Ra7 29. Bxd7 Rxd7 30. a5 Ra7 31. a6 Rc4 32. Rb1 Kh7 33. Rb7 Ra8 34. a7 Rc1+ 35. Kg2 e5 36. Rb8 Rxa7 37. Rxa7 exd4 38. exd4 g5 39. Rxf7 Kg6 40. Rbb7 1-0

[Event "ITA-chT"]
[Site "Palermo"]
[Date "2007.04.21"]
[Round "4"]
[White "Corso, Sergio"]
[Black "Mocchi, Tullio"]
[Result "1-0"]
[WhiteElo "2303"]
[BlackElo "2231"]
[PlyCount "59"]
[EventDate "2007.04.20"]
[EventType "team-tourn"]
[EventRounds "5"]
[EventCountry "ITA"]
[SourceTitle "CBM 117 Extra"]
[Source "ChessBase"]
[SourceDate "2007.05.09"]
[SourceVersion "1"]
[SourceVersionDate "2007.05.09"]
[SourceQuality "1"]

1. d4 Nf6 2. c4 c5 3. d5 b5 4. cxb5 a6 5. b6 d6 6. Nc3 Nbd7 7. a4 Qxb6 8. e4 g6 9. Nf3 Bg7 10. Be2 0-0 11. 0-0 Qc7 12. Nd2 Rd8 13. Nc4 Nb6 14. Ne3 Bd7 15. a5 Nc8 16. Bd3 e6 17. Re1 Ne7 18. Nc4 Nc8 19. Ne3 Ne7 20. Nc4 Nc8 21. Ne3 Qb7 22. Ra3 Ne7 23. Nc4 exd5 24. exd5 Nexd5 25. Nxd5 Nxd5 26. Be4 Bc6 27. Bxd5 Bxd5 28. Rb3 Qc7 29. Qxd5 Ra7 30. Bg5 1-0

[Event "Trieste op 08th"]
[Site "Trieste"]
[Date "2006.09.07"]
[Round "7"]
[White "Pregarac, Valter"]
[Black "Mocchi, Tullio"]
[Result "1/2-1/2"]
[WhiteElo "2058"]
[BlackElo "2243"]
[PlyCount "86"]
[EventDate "2006.09.02"]
[EventType "swiss"]
[EventRounds "9"]
[EventCountry "ITA"]
[SourceTitle "CBM 114 Extra"]
[Source "ChessBase"]
[SourceDate "2006.11.03"]
[SourceVersion "1"]
[SourceVersionDate "2006.11.03"]
[SourceQuality "1"]

1. Nf3 d5 2. d4 Nf6 3. c4 dxc4 4. e3 e6 5. Bxc4 c5 6. 0-0 Nc6 7. Qe2 cxd4 8. Rd1 Be7 9. exd4 0-0 10. Nc3 Nb4 11. Ne5 Nbd5 12. Rd3 Bd7 13. Rg3 g6 14. Bh6 Re8 15. h4 Bc6 16. h5 Nxc3 17. bxc3 Bf8 18. hxg6 hxg6 19. Bxf8 Kxf8 20. Qe3 Ng8 21. Rh3 Qf6 22. Rh7 Re7 23. Bd3 g5 24. Rh5 Qf4 25. Rxg5 Qxe3 26. fxe3 Be8 27. Rf1 f6 28. Ng4 Rg7 29. Nxf6 Rxg5 30. Nh7+ Ke7 31. Nxg5 Nf6 32. Kf2 Bc6 33. Be2 Rg8 34. Nf3 Ne4+ 35. Ke1 Nxc3 36. Ne5 Rxg2 37. Rf7+ Kd8 38. Nxc6+ bxc6 39. Bc4 Nxa2 40. Rxa7 Nb4 41. Kf1 Rg6 42. Ke2 Nd5 43. Bxd5 cxd5 1/2-1/2

[Event "Trieste op 08th"]
[Site "Trieste"]
[Date "2006.09.06"]
[Round "6"]
[White "Mocchi, Tullio"]
[Black "Vitri, Sergio"]
[Result "1/2-1/2"]
[WhiteElo "2243"]
[BlackElo "2105"]
[PlyCount "124"]
[EventDate "2006.09.02"]
[EventType "swiss"]
[EventRounds "9"]
[EventCountry "ITA"]
[SourceTitle "CBM 114 Extra"]
[Source "ChessBase"]
[SourceDate "2006.11.03"]
[SourceVersion "1"]
[SourceVersionDate "2006.11.03"]
[SourceQuality "1"]

1. d4 Nf6 2. Nf3 c5 3. c3 Qc7 4. Bg5 Ne4 5. Bh4 d5 6. e3 Bg4 7. Be2 e6 8. Nbd2 Nxd2 9. Qxd2 Nd7 10. Bg3 Bd6 11. 0-0 0-0 12. Rfe1 Nf6 13. Bxd6 Qxd6 14. dxc5 Qxc5 15. Qd4 Qxd4 16. Nxd4 Bxe2 17. Rxe2 Rac8 18. a4 Ne4 19. f3 Nd6 20. e4 dxe4 21. fxe4 Rfd8 22. a5 Rc5 23. a6 b6 24. Nf3 Nb5 25. Rae1 Kf8 26. e5 Ke7 27. Re4 Nc7 28. Nd4 Ke8 29. Rf1 Rd7 30. Rh4 h6 31. Rg4 g6 32. Nf3 Nxa6 33. Rh4 h5 34. g4 hxg4 35. Rxg4 Nb8 36. Rh4 Nc6 37. Re4 Rcd5 38. Rf2 b5 39. Kg2 a5 40. Kg3 Rc5 41. Kf4 f5 42. exf6 Rf5+ 43. Kg3 Rxf6 44. Rfe2 Ke7 45. Ng5 Nd8 46. Nf3 Rd5 47. Re5 Kd6 48. Rxd5+ exd5 49. Nd4 Kc5 50. Re8 Rd6 51. Rxd8 Rxd8 52. Ne6+ Kc4 53. Nxd8 Kb3 54. Nc6 Kxb2 55. Nxa5 Kxc3 56. Kf3 d4 57. Nb7 b4 58. Ke2 d3+ 59. Kd1 b3 60. Nc5 Kc4 61. Na4 Kb4 62. Nb2 Kc3 1/2-1/2

[Event "Trieste op 08th"]
[Site "Trieste"]
[Date "2006.09.04"]
[Round "4"]
[White "Mocchi, Tullio"]
[Black "Skok, Joze"]
[Result "1-0"]
[WhiteElo "2243"]
[BlackElo "2110"]
[PlyCount "127"]
[EventDate "2006.09.02"]
[EventType "swiss"]
[EventRounds "9"]
[EventCountry "ITA"]
[SourceTitle "CBM 114 Extra"]
[Source "ChessBase"]
[SourceDate "2006.11.03"]
[SourceVersion "1"]
[SourceVersionDate "2006.11.03"]
[SourceQuality "1"]

1. d4 Nf6 2. Nf3 g6 3. Bf4 d5 4. e3 c5 5. c3 cxd4 6. exd4 Nc6 7. Bd3 Bg7 8. h3 0-0 9. 0-0 Bf5 10. Na3 Qb6 11. Rb1 Rac8 12. Re1 Rfe8 13. Bxf5 gxf5 14. Qb3 Qxb3 15. axb3 a6 16. b4 Na7 17. Ra1 Ne4 18. Red1 Red8 19. Ne1 e6 20. Nd3 Bf8 21. f3 Nf6 22. Nc5 Bxc5 23. bxc5 Nh5 24. Bh2 Nc6 25. g4 fxg4 26. hxg4 Nf6 27. b4 Na7 28. Rdb1 Ra8 29. g5 Nd7 30. b5 Nxb5 31. Nxb5 axb5 32. Rxa8 Rxa8 33. Rxb5 Ra7 34. Bd6 Kg7 35. f4 Kg6 36. Kf2 Kf5 37. Ke3 f6 38. gxf6 Kxf6 39. Rb1 Kf7 40. Rh1 Kg6 41. Rg1+ Kf7 42. f5 exf5 43. Kf4 Ra2 44. Re1 Nf6 45. Re7+ Kg6 46. Rxb7 Rf2+ 47. Ke3 Ng4+ 48. Kd3 Rf3+ 49. Kc2 Nf6 50. c6 Ne4 51. Bb4 Rf2+ 52. Kc1 Rf1+ 53. Kb2 Rf2+ 54. Ka3 Nd2 55. c7 Nc4+ 56. Ka4 Ra2+ 57. Kb5 Rb2 58. Kc5 Na5 59. Ra7 Nb3+ 60. Kxd5 Nxd4 61. cxd4 Rxb4 62. c8Q Rb5+ 63. Qc5 Rb8 64. Qc7 1-0

[Event "Trieste op 08th"]
[Site "Trieste"]
[Date "2006.09.03"]
[Round "2"]
[White "Mocchi, Tullio"]
[Black "Tratar, Marko"]
[Result "0-1"]
[WhiteElo "2243"]
[BlackElo "2503"]
[PlyCount "102"]
[EventDate "2006.09.02"]
[EventType "swiss"]
[EventRounds "9"]
[EventCountry "ITA"]
[SourceTitle "CBM 114 Extra"]
[Source "ChessBase"]
[SourceDate "2006.11.03"]
[SourceVersion "1"]
[SourceVersionDate "2006.11.03"]
[SourceQuality "1"]

1. e4 c5 2. Nf3 d6 3. c3 Nf6 4. h3 Nc6 5. Bd3 d5 6. e5 Nd7 7. Bb5 Qb6 8. a4 c4 9. d4 cxd3 10. 0-0 e6 11. Be3 Qc7 12. Bf4 a6 13. Bxc6 bxc6 14. Qxd3 a5 15. Re1 Ba6 16. Qc2 h6 17. h4 c5 18. Nbd2 c4 19. Be3 Rb8 20. Bd4 Nc5 21. Bxc5 Bxc5 22. Nf1 Qb6 23. Re2 Bc8 24. Ng3 Qb3 25. Qd2 Bd7 26. Nh5 Kf8 27. Qf4 Qb6 28. Qg4 Rg8 29. Qf4 Qd8 30. g4 Rb6 31. Kh2 Be8 32. Rg1 Rh8 33. Ra1 Be7 34. Kh3 Kg8 35. Rd2 Rh7 36. Qe3 Qb8 37. Ra2 f5 38. exf6 gxf6 39. Nf4 Bd7 40. Re2 Qc7 41. Ra1 Bc5 42. Qd2 Rxb2 43. Qxb2 Qxf4 44. Nh2 Bd6 45. Rh1 h5 46. Kg2 hxg4 47. Qb6 Bc7 48. Qe3 Qxe3 49. fxe3 Rxh4 50. Nf1 Rxh1 51. Kxh1 Bxa4 0-1

[Event "ITA-ch sf g/5' 1st"]
[Site "Playchess.com INT"]
[Date "2006.02.25"]
[Round "5"]
[White "Mocchi, Tullio"]
[Black "Brunello, Sabino"]
[Result "0-1"]
[WhiteElo "2243"]
[BlackElo "2301"]
[PlyCount "94"]
[EventDate "2006.02.25"]
[EventType "swiss (blitz)"]
[EventRounds "11"]
[EventCountry "ITA"]
[SourceTitle "CBM 111 Extra"]
[Source "ChessBase"]
[SourceDate "2006.05.09"]
[SourceVersion "1"]
[SourceVersionDate "2006.05.09"]
[SourceQuality "1"]

1. d4 Nf6 2. Nf3 e6 3. Bf4 c5 4. c3 b6 5. e3 Bb7 6. Be2 Be7 7. Nbd2 Nc6 8. h3 0-0 9. 0-0 d6 10. Bh2 Rc8 11. Bd3 Re8 12. Qe2 Bf8 13. Rfd1 g6 14. Ba6 Qd7 15. Bxb7 Qxb7 16. Nc4 Rcd8 17. Kf1 b5 18. Ncd2 a6 19. e4 cxd4 20. Nxd4 Nxd4 21. cxd4 Bg7 22. f3 Nd7 23. Nb3 Nb6 24. Na5 Qd7 25. Rac1 Rc8 26. Qd2 d5 27. e5 Nc4 28. Nxc4 bxc4 29. b3 cxb3 30. axb3 Qb5+ 31. Qe2 Qxb3 32. Qxa6 Rxc1 33. Rxc1 Bh6 34. Qc6 Qd3+ 35. Kf2 Qe3+ 36. Kg3 Qf4+ 37. Kf2 Qxd4+ 38. Kf1 Qd3+ 39. Kf2 Qe3+ 40. Kg3 Qxe5+ 41. Kf2 Qe3+ 42. Kg3 Bf4+ 43. Kh4 Bg5+ 44. Kg3 Rf8 45. Rh1 h5 46. Bg1 Bf4+ 47. Kh4 Qe5 0-1

[Event "ITA-ch sf g/5' 1st"]
[Site "Playchess.com INT"]
[Date "2006.02.25"]
[Round "8"]
[White "Mocchi, Tullio"]
[Black "Gosio, Denis"]
[Result "1-0"]
[WhiteElo "2243"]
[BlackElo "2164"]
[PlyCount "25"]
[EventDate "2006.02.25"]
[EventType "swiss (blitz)"]
[EventRounds "11"]
[EventCountry "ITA"]
[SourceTitle "CBM 111 Extra"]
[Source "ChessBase"]
[SourceDate "2006.05.09"]
[SourceVersion "1"]
[SourceVersionDate "2006.05.09"]
[SourceQuality "1"]

1. d4 Nf6 2. Nf3 e6 3. Bf4 c5 4. c3 cxd4 5. cxd4 b6 6. e3 Bb7 7. Bd3 d6 8. 0-0 Be7 9. Nc3 d5 10. Qa4+ Qd7 11. Bb5 Bc6 12. Ne5 Bxb5 13. Nxb5 1-0